Διαφορικός λογισμός

Αποθηκεύτηκε σε:
Λεπτομέρειες βιβλιογραφικής εγγραφής
Κύριος συγγραφέας: Χατζιδάκις, Ιωάννης Ν. 1873-1914
Μορφή: Βιβλίο
Γλώσσα:Greek
Δημοσίευση: Αθήναι : Π. Δ. Σακελλάριος, 1911-1912
Έκδοση:2η έκδ.
Θέματα:
Διαθέσιμο Online:http://hdl.handle.net/11610/16756
Ετικέτες: Προσθήκη ετικέτας
Δεν υπάρχουν, Καταχωρήστε ετικέτα πρώτοι!

MARC

LEADER 00000cam a2200000 i 4500
001 1/9269
008 100713m19111912 gre d
035 |l 10108568 
040 |a GR-MY-UA  |b gre  |e aacr 
041 0 |a gre 
082 0 |a 515  |2 (22) 
100 1 |a Χατζιδάκις, Ιωάννης Ν.  |d 1873-1914. 
245 1 0 |a Διαφορικός λογισμός /  |c Ιωάννου Ν. Χατζιδάκι 
250 |a 2η έκδ. 
260 |a Αθήναι :   |b Π. Δ. Σακελλάριος,   |c 1911-1912 
300 |a 2 τ.;  |c 23 εκ. 
500 |a Υπάρχει ψηφιακό αντίγραφο.  
650 0 0 |a Calculus. 
852 |a INST  |b SAMOS  |c MAG  |e 20100713  |h 515 ΧΑΤ  |p 005300031514  |q 005300031514  |t BK  |v τ.1:  |y 0  |z τ.1 
852 |a INST  |b SAMOS  |c MAG  |e 20100713  |h 515 ΧΑΤ  |p 005300031515  |q 005300031515  |t BK  |v τ.2:  |y 0  |z τ.2 
853 |a INST  |b SAMOS  |c MAG  |h 515 ΧΑΤ 
856 |u http://hdl.handle.net/11610/16756 
901 |a BIBL3-2010-2 
909 |a Σ  |b 162680 
909 |a Σ  |b 162679 
970 |a ΡΟΥΣΣΟΥ  |b ΚΩΝΣΤΑΝΤΙΝΑ  |z 2010/07/07